[Event "EU-ch (Men) 11th"]
[Site "Rijeka"]
[Date "2010.03.08"]
[Round "3.55"]
[White "Giri, Anish"]
[Black "Berczes, David"]
[Result "1/2-1/2"]
[WhiteElo "2624"]
[BlackElo "2510"]
[PlyCount "77"]
[EventDate "2010.03.06"]
[EventType "swiss"]
[EventRounds "11"]
[EventCountry "CRO"]
[SourceDate "2010.03.06"]

1. Nf3 d5 2. d4 Nf6 3. c4 c6 4. e3 g6 5. Nc3 Bg7 6. h3 O-O 7. Bd3 Be6 8. b3 c5
9. Rb1 cxd4 10. Nxd4 Bc8 11. O-O a6 12. Ba3 Re8 13. cxd5 Nxd5 14. Nxd5 Qxd5 15.
Bc4 Qa5 16. Qc1 e5 17. b4 Qb6 18. Nf3 h6 19. b5 Bf5 20. bxa6 Bxb1 21. Qxb1 Rxa6
22. Bxa6 Qxa6 23. Bb2 Nc6 24. Rd1 Qb5 25. e4 Rd8 26. Rxd8+ Nxd8 27. Qc2 Nc6 28.
g3 Qa6 29. Ba1 Qa3 30. Kg2 Bf6 31. Qc4 Qa6 32. Qd5 Nb4 33. Qd7 Qc6 34. Qxc6
Nxc6 35. Kf1 Kf8 36. Ke2 Ke7 37. Kd3 b5 38. Bc3 Kd6 39. Bd2 1/2-1/2

[Event "EU-ch (Men) 11th"]
[Site "Rijeka"]
[Date "2010.03.08"]
[Round "3.56"]
[White "Mastrovasilis, Athanasios"]
[Black "Azarov, Sergei"]
[Result "1/2-1/2"]
[WhiteElo "2511"]
[BlackElo "2621"]
[PlyCount "51"]
[EventDate "2010.03.06"]
[EventType "swiss"]
[EventRounds "11"]
[EventCountry "CRO"]
[SourceDate "2010.03.06"]

1. d4 Nf6 2. c4 e6 3. Nc3 Bb4 4. Nf3 c5 5. g3 cxd4 6. Nxd4 O-O 7. Bg2 d5 8. Qb3
Bxc3+ 9. bxc3 Nc6 10. cxd5 Na5 11. Qc2 Nxd5 12. O-O Qc7 13. Nb5 Qc6 14. Qd3 Bd7
15. Rb1 a6 16. e4 Qc4 17. Qxc4 Nxc4 18. exd5 axb5 19. dxe6 Bxe6 20. Rxb5 Rxa2
21. Rxb7 Rc2 22. Bf4 Rxc3 23. Rfb1 Rd3 24. Rb8 Rdd8 25. h4 Rxb8 26. Rxb8
1/2-1/2

[Event "EU-ch (Men) 11th"]
[Site "Rijeka"]
[Date "2010.03.08"]
[Round "3.57"]
[White "Gelashvili, Tamaz"]
[Black "Makarov, Marat"]
[Result "1/2-1/2"]
[WhiteElo "2621"]
[BlackElo "2510"]
[PlyCount "144"]
[EventDate "2010.03.06"]
[EventType "swiss"]
[EventRounds "11"]
[EventCountry "CRO"]
[SourceDate "2010.03.06"]

1. Nf3 c5 2. g3 Nc6 3. Bg2 g6 4. O-O Bg7 5. c3 d5 6. d4 cxd4 7. cxd4 e6 8. Nc3
Nge7 9. b3 O-O 10. a4 a5 11. Bf4 Nf5 12. Nb5 Bd7 13. Bc7 Qf6 14. e3 Rfc8 15. g4
Nh4 16. Nxh4 Qxh4 17. Bg3 Qe7 18. Nd6 Rcb8 19. h3 Nb4 20. Qd2 Bc6 21. Rfc1 Rd8
22. Nb5 Rd7 23. Rc3 Qd8 24. Rac1 Bf8 25. Qe2 Be7 26. Be5 Bf8 27. Rd1 Bg7 28.
Bf4 h6 29. Bf1 Kh7 30. f3 Qe7 31. Qh2 f6 32. Bd6 Qd8 33. Bg3 Qe7 34. Bd6 Qd8
35. Bg3 Qe7 36. Re1 Bh8 37. Bd6 Qd8 38. Bc7 Qe7 39. Bd6 Qd8 40. Bg3 Qe7 41.
Rcc1 e5 42. f4 e4 43. f5 gxf5 44. Nd6 fxg4 45. Nf5 Qf7 46. hxg4 Qg6 47. Qh3 Bg7
48. Re2 Bf8 49. Rh2 Kg8 50. Nxh6+ Qxh6 51. Qxh6 Bxh6 52. Rxh6 Kg7 53. Rh5 Rh8
54. Rc5 Ra8 55. Be2 Kg6 56. Rc1 Na2 57. Rc2 Nb4 58. Rd2 Rg7 59. Bd1 Nd3 60.
Rdh2 Kf7 61. Bh4 Bd7 62. Rh6 Bxg4 63. Rxf6+ Kg8 64. Bxg4 Rxg4+ 65. Rg2 Rxg2+
66. Kxg2 Rf8 67. Rg6+ Kh7 68. Rb6 Rf3 69. Bg5 Ne1+ 70. Kh2 Nc2 71. Rb5 Nxe3 72.
Bxe3 Rxe3 1/2-1/2

[Event "EU-ch (Men) 11th"]
[Site "Rijeka"]
[Date "2010.03.08"]
[Round "3.58"]
[White "Jurcik, Marian"]
[Black "Iordachescu, Viorel"]
[Result "0-1"]
[WhiteElo "2510"]
[BlackElo "2621"]
[PlyCount "82"]
[EventDate "2010.03.06"]
[EventType "swiss"]
[EventRounds "11"]
[EventCountry "CRO"]
[SourceDate "2010.03.06"]

1. e4 c6 2. d4 d5 3. exd5 cxd5 4. Bd3 Nc6 5. c3 Qc7 6. Ne2 Bg4 7. f3 Bh5 8. Nf4
Nf6 9. Nxh5 Nxh5 10. O-O e6 11. f4 g6 12. Be3 Bd6 13. Qf3 f5 14. Nd2 O-O 15.
Rac1 Nf6 16. a3 Ne4 17. Bxe4 fxe4 18. Qg4 Rf6 19. c4 Qf7 20. c5 Bc7 21. g3 Ne7
22. Qe2 Nf5 23. Kg2 Qg7 24. Bg1 Raf8 25. c6 bxc6 26. Rxc6 Bb6 27. Nb3 g5 28.
Rc3 R6f7 29. Qg4 h6 30. Rc6 Qg6 31. Rfc1 Rg7 32. Rc8 Rxc8 33. Rxc8+ Kh7 34. Rc6
Qe8 35. Rc3 h5 36. Qd1 gxf4 37. Bf2 Qg6 38. Kh1 h4 39. Qf1 hxg3 40. hxg3 Qh5+
41. Kg1 e3 0-1

[Event "EU-ch (Men) 11th"]
[Site "Rijeka"]
[Date "2010.03.08"]
[Round "3.59"]
[White "Banikas, Hristos"]
[Black "Sebenik, Matej"]
[Result "1/2-1/2"]
[WhiteElo "2617"]
[BlackElo "2504"]
[PlyCount "83"]
[EventDate "2010.03.06"]
[EventType "swiss"]
[EventRounds "11"]
[EventCountry "CRO"]
[SourceDate "2010.03.06"]

1. d4 d5 2. c4 c6 3. Nf3 Nf6 4. e3 Bf5 5. Nc3 e6 6. Nh4 Bg6 7. Be2 Nbd7 8. g3
dxc4 9. Nxg6 hxg6 10. Bxc4 Bd6 11. O-O Nb6 12. Bb3 e5 13. Qf3 Qe7 14. dxe5 Bxe5
15. e4 Nbd7 16. Bc2 Nc5 17. Be3 O-O-O 18. Rfd1 Kb8 19. Bf4 Qc7 20. Rxd8+ Rxd8
21. Bxe5 Qxe5 22. Rd1 Rh8 23. h4 g5 24. hxg5 Qxg5 25. Qf5 Qxf5 26. exf5 a5 27.
a3 b5 28. b4 axb4 29. axb4 Na6 30. Bb3 Rf8 31. Rd4 Kc7 32. g4 Rd8 33. Rxd8 Kxd8
34. g5 Nh7 35. f4 f6 36. Bg8 Nf8 37. Na2 Ke7 38. Kf2 Kd6 39. Kf3 Nd7 40. Kg4
fxg5 41. fxg5 Ke5 42. Bf7 1/2-1/2

[Event "EU-ch (Men) 11th"]
[Site "Rijeka"]
[Date "2010.03.08"]
[Round "3.60"]
[White "Podolchenko, Evgeniy"]
[Black "Edouard, Romain"]
[Result "1-0"]
[WhiteElo "2502"]
[BlackElo "2617"]
[PlyCount "85"]
[EventDate "2010.03.06"]
[EventType "swiss"]
[EventRounds "11"]
[EventCountry "CRO"]
[SourceDate "2010.03.06"]

1. d4 d5 2. c4 dxc4 3. Nf3 Nf6 4. e3 e6 5. Bxc4 c5 6. O-O a6 7. Bb3 b5 8. a4 b4
9. Nbd2 Be7 10. e4 Bb7 11. e5 Nfd7 12. Nc4 O-O 13. Bc2 cxd4 14. Qxd4 b3 15.
Bxb3 Bxf3 16. gxf3 Nc6 17. Qe3 Nc5 18. Bd1 Rb8 19. Ra3 Rb4 20. Rc3 Nd4 21. a5
Nb5 22. Rc2 Nb3 23. Qe4 Nxa5 24. Bd2 Nxc4 25. Bxb4 Bxb4 26. Rxc4 a5 27. f4 g6
28. Bf3 Nc7 29. Rd1 Qb8 30. Qb7 Qxb7 31. Bxb7 Ne8 32. Bf3 Ng7 33. Rd7 Nf5 34.
Be4 Ng7 35. Bf3 Nf5 36. Bg4 Ng7 37. Rcc7 h6 38. Kf1 a4 39. Ra7 Bc5 40. Rxa4 Rb8
41. Rc4 Bf8 42. Rcc7 Rxb2 43. Rc8 1-0

[Event "EU-ch (Men) 11th"]
[Site "Rijeka"]
[Date "2010.03.08"]
[Round "3.61"]
[White "Khairullin, Ildar"]
[Black "Berescu, Alin"]
[Result "1-0"]
[WhiteElo "2617"]
[BlackElo "2486"]
[PlyCount "73"]
[EventDate "2010.03.06"]
[EventType "swiss"]
[EventRounds "11"]
[EventCountry "CRO"]
[SourceDate "2010.03.06"]

1. d4 Nf6 2. c4 e6 3. g3 Bb4+ 4. Bd2 Qe7 5. Bg2 Nc6 6. e3 O-O 7. Ne2 a5 8. Nbc3
Bxc3 9. Nxc3 e5 10. Nd5 Nxd5 11. cxd5 Nb4 12. dxe5 Nd3+ 13. Ke2 Nxe5 14. f4 Ng4
15. Rc1 Re8 16. Qb3 b6 17. Rc3 Ba6+ 18. Ke1 Rac8 19. e4 b5 20. h3 b4 21. hxg4
bxc3 22. Qxc3 c6 23. Qxa5 Bb7 24. Qa7 d6 25. dxc6 Rxc6 26. Bc3 Rc4 27. Kf2 Rxe4
28. Kg1 Ra8 29. Qb6 Ra6 30. Qb3 d5 31. Bxe4 dxe4 32. Rh5 Ra8 33. Rg5 g6 34. Rb5
Bc8 35. Qd5 Ra6 36. Rb8 Qc7 37. Qe5 1-0

[Event "EU-ch (Men) 11th"]
[Site "Rijeka"]
[Date "2010.03.08"]
[Round "3.63"]
[White "Stevic, Hrvoje"]
[Black "Levin, Evgeny A"]
[Result "1/2-1/2"]
[WhiteElo "2610"]
[BlackElo "2486"]
[PlyCount "35"]
[EventDate "2010.03.06"]
[EventType "swiss"]
[EventRounds "11"]
[EventCountry "CRO"]
[SourceDate "2010.03.06"]

1. e4 e6 2. d3 d5 3. Nd2 Nf6 4. Ngf3 Nc6 5. c3 a5 6. e5 Nd7 7. d4 Be7 8. Bb5
Na7 9. Bd3 c5 10. Nf1 Nc6 11. Ng3 cxd4 12. cxd4 Qb6 13. Ne2 f6 14. exf6 Nxf6
15. O-O O-O 16. Nf4 Bd7 17. Re1 Bb4 18. Re2 1/2-1/2

[Event "EU-ch (Men) 11th"]
[Site "Rijeka"]
[Date "2010.03.08"]
[Round "3.64"]
[White "Guseinov, Gadir"]
[Black "Nabaty, Tamir"]
[Result "0-1"]
[WhiteElo "2609"]
[BlackElo "2485"]
[PlyCount "169"]
[EventDate "2010.03.06"]
[EventType "swiss"]
[EventRounds "11"]
[EventCountry "CRO"]
[SourceDate "2010.03.06"]

1. e4 e5 2. Nf3 Nc6 3. Bb5 Nf6 4. O-O Bc5 5. Nxe5 Nxe4 6. Qe2 Nxe5 7. Qxe4 Qe7
8. d4 Nc6 9. Qxe7+ Bxe7 10. c3 d6 11. Re1 Be6 12. Nd2 a6 13. Ba4 Kd7 14. Nf1 b5
15. Bc2 Rhe8 16. f4 Bh4 17. g3 Bf6 18. Ne3 Ne7 19. f5 Bd5 20. Kf2 Bb7 21. Bb3
Rf8 22. Ng4 Ng8 23. Bf4 h5 24. Nxf6+ Nxf6 25. a4 Bd5 26. Bc2 Rfe8 27. Bg5 Nh7
28. h4 b4 29. a5 bxc3 30. bxc3 Bc4 31. Ba4+ c6 32. Rab1 Rxe1 33. Rxe1 Nxg5 34.
hxg5 Rb8 35. f6 Rb2+ 36. Kg1 gxf6 37. gxf6 Be6 38. c4 d5 39. cxd5 Bxd5 40. Bd1
Rg2+ 41. Kf1 Rxg3 42. Bxh5 Kd6 43. Re7 Ra3 44. Bxf7 Rf3+ 45. Ke2 Rxf6 46. Bxd5
Kxe7 47. Bc4 Rf5 48. Bxa6 Rxa5 49. Bd3 Kd6 50. Be4 Ra3 51. Kd2 Kc7 52. Kc2 Kb6
53. Kd2 Rh3 54. Bd3 Ka5 55. Kc3 Rh1 56. Bc4 Rc1+ 57. Kb3 Kb6 58. Bd3 Kc7 59.
Kb4 Kd6 60. Bc4 Rh1 61. Kc3 Rh3+ 62. Kd2 Ke7 63. Bd3 Ke6 64. Be4 Kd6 65. Ke2
Ra3 66. Kd2 Kc7 67. Kc2 Kb6 68. Kd2 Kb5 69. Bd3+ Kb4 70. Be4 Ra2+ 71. Kd3 Ra6
72. Kc2 Ra3 73. Kd2 Kb5 74. Bd3+ Ka5 75. Be4 Kb6 76. Bd3 Kc7 77. Bc4 Ra4 78.
Kc3 Kd6 79. Kb3 Ra1 80. Kc2 Ra7 81. Kd2 Ra3 82. Kc2 Rh3 83. Kd2 Rh7 84. Bd3 Rh6
85. Bc4 0-1

[Event "EU-ch (Men) 11th"]
[Site "Rijeka"]
[Date "2010.03.08"]
[Round "3.66"]
[White "Gallagher, Joseph G"]
[Black "Lenic, Luka"]
[Result "1/2-1/2"]
[WhiteElo "2486"]
[BlackElo "2603"]
[PlyCount "65"]
[EventDate "2010.03.06"]
[EventType "swiss"]
[EventRounds "11"]
[EventCountry "CRO"]
[SourceDate "2010.03.06"]

1. e4 e5 2. Nf3 Nc6 3. Bb5 a6 4. Ba4 Nf6 5. O-O b5 6. Bb3 Bb7 7. d3 Be7 8. Nc3
O-O 9. Bd2 d6 10. a4 Nd4 11. Nxd4 exd4 12. Ne2 c5 13. Ng3 d5 14. e5 Nd7 15. Re1
Re8 16. Qf3 Nf8 17. Nf5 Ne6 18. c3 dxc3 19. bxc3 Bf8 20. Qg4 Kh8 21. d4 cxd4
22. cxd4 Qd7 23. Re3 Nxd4 24. e6 Nxe6 25. Rh3 g6 26. Bc3+ d4 27. Qh4 h5 28.
Qf6+ Kg8 29. Bxd4 Nxd4 30. Nxd4 Bg7 31. Qh4 Bxd4 32. Rb1 Re4 33. Qg5 1/2-1/2

[Event "EU-ch (Men) 11th"]
[Site "Rijeka"]
[Date "2010.03.08"]
[Round "3.67"]
[White "Sulashvili, Malkhaz"]
[Black "Romanov, Evgeny"]
[Result "1-0"]
[WhiteElo "2490"]
[BlackElo "2600"]
[PlyCount "71"]
[EventDate "2010.03.06"]
[EventType "swiss"]
[EventRounds "11"]
[EventCountry "CRO"]
[SourceDate "2010.03.06"]

1. Nf3 d5 2. c4 c6 3. g3 Nf6 4. Bg2 dxc4 5. O-O Nbd7 6. Na3 Nb6 7. Qc2 Qd5 8.
b3 Bf5 9. bxc4 Qxf3 10. Bxf3 Bxc2 11. Nxc2 Nxc4 12. Rb1 O-O-O 13. d3 Nb6 14. a4
Nbd5 15. Bb2 e6 16. e4 Nc7 17. d4 Be7 18. Rfc1 Nfe8 19. Ne3 Bg5 20. Rc5 Bxe3
21. fxe3 f6 22. Ba3 Nd6 23. Rc3 f5 24. Bxd6 Rxd6 25. Rcb3 fxe4 26. Rxb7 Nb5 27.
Rxg7 exf3 28. axb5 Rd7 29. Rg5 cxb5 30. Rgxb5 Rhd8 31. Kf2 Rc7 32. Kxf3 Kd7 33.
Ke4 Rf8 34. Ra1 Rf7 35. Ra6 Ke7 36. Re5 1-0

[Event "EU-ch (Men) 11th"]
[Site "Rijeka"]
[Date "2010.03.08"]
[Round "3.68"]
[White "Saric, Ante"]
[Black "Berg, Emanuel"]
[Result "1/2-1/2"]
[WhiteElo "2483"]
[BlackElo "2594"]
[PlyCount "31"]
[EventDate "2010.03.06"]
[EventType "swiss"]
[EventRounds "11"]
[EventCountry "CRO"]
[SourceDate "2010.03.06"]

1. Nf3 f5 2. g3 Nf6 3. Bg2 g6 4. b3 Bg7 5. Bb2 O-O 6. c4 d6 7. d4 Qe8 8. Qc2
Na6 9. Nbd2 Rb8 10. O-O h6 11. Bc3 b5 12. Ne1 bxc4 13. Nxc4 c6 14. Nd3 Bd7 15.
Rac1 Nc7 16. e3 1/2-1/2

[Event "EU-ch (Men) 11th"]
[Site "Rijeka"]
[Date "2010.03.08"]
[Round "3.69"]
[White "Salgado Lopez, Ivan"]
[Black "Dvirnyy, Daniyl"]
[Result "1/2-1/2"]
[WhiteElo "2592"]
[BlackElo "2450"]
[PlyCount "71"]
[EventDate "2010.03.06"]
[EventType "swiss"]
[EventRounds "11"]
[EventCountry "CRO"]
[SourceDate "2010.03.06"]

1. e4 e6 2. d4 d5 3. Nd2 Nf6 4. e5 Nfd7 5. Bd3 c5 6. c3 Nc6 7. Ne2 cxd4 8. cxd4
f6 9. exf6 Nxf6 10. Nf3 Bd6 11. O-O O-O 12. Bf4 Nh5 13. Bxd6 Qxd6 14. Qd2 Bd7
15. Qe3 Nf4 16. Rae1 Nxe2+ 17. Bxe2 a6 18. a3 Qf4 19. Qxf4 Rxf4 20. g3 Rff8 21.
Rd1 Rac8 22. Rfe1 Rf6 23. Kg2 Rcf8 24. Rf1 Be8 25. Ne5 Nxe5 26. dxe5 R6f7 27.
Bg4 Re7 28. h4 Bb5 29. Rfe1 Rc8 30. Rc1 Rc4 31. f4 Kf7 32. b3 Rcc7 33. Kf2 Bd3
34. b4 Bc2 35. Bd1 Bxd1 36. Rexd1 1/2-1/2

[Event "EU-ch (Men) 11th"]
[Site "Rijeka"]
[Date "2010.03.08"]
[Round "3.71"]
[White "Bologan, Viktor"]
[Black "Tosic, Miroslav"]
[Result "1-0"]
[WhiteElo "2684"]
[BlackElo "2439"]
[PlyCount "54"]
[EventDate "2010.03.06"]
[EventType "swiss"]
[EventRounds "11"]
[EventCountry "CRO"]
[SourceDate "2010.03.06"]

1. e4 c5 2. Nf3 d6 3. d4 cxd4 4. Nxd4 Nf6 5. Nc3 e6 6. Be3 Nc6 7. Qd2 Be7 8. f3
O-O 9. O-O-O d5 10. Be2 dxe4 11. Nxc6 bxc6 12. Qxd8 Rxd8 13. Rxd8+ Bxd8 14. Rd1
Bc7 15. Nxe4 Nxe4 16. fxe4 Kf8 17. b4 Ke8 18. a4 Bxh2 19. Rh1 Bd6 20. Rxh7 Bxb4
21. Rxg7 Ba3+ 22. Kd2 Bb7 23. Bh5 Rd8+ 24. Kc3 Rd7 25. e5 Kd8 26. Rxf7 c5 27.
Rxd7+ Kxd7 1-0

[Event "EU-ch (Men) 11th"]
[Site "Rijeka"]
[Date "2010.03.08"]
[Round "3.72"]
[White "Georgiev, Kiril"]
[Black "Gutov, Andrey"]
[Result "1-0"]
[WhiteElo "2669"]
[BlackElo "2437"]
[PlyCount "35"]
[EventDate "2010.03.06"]
[EventType "swiss"]
[EventRounds "11"]
[EventCountry "CRO"]
[SourceDate "2010.03.06"]

1. d4 Nf6 2. c4 e6 3. g3 d5 4. Bg2 dxc4 5. Nf3 Nc6 6. Qa4 Bb4+ 7. Bd2 Nd5 8.
Bxb4 Ndxb4 9. Nc3 Bd7 10. O-O Rb8 11. Qb5 Nc2 12. Rad1 N2xd4 13. Nxd4 Nxd4 14.
Qc5 Nf5 15. Nb5 c6 16. Nd6+ Nxd6 17. Rxd6 b6 18. Qxc4 1-0

[Event "EU-ch (Men) 11th"]
[Site "Rijeka"]
[Date "2010.03.08"]
[Round "3.74"]
[White "Korobov, Anton"]
[Black "Kurmann, Oliver"]
[Result "1-0"]
[WhiteElo "2663"]
[BlackElo "2432"]
[PlyCount "43"]
[EventDate "2010.03.06"]
[EventType "swiss"]
[EventRounds "11"]
[EventCountry "CRO"]
[SourceDate "2010.03.06"]

1. d4 Nf6 2. c4 e6 3. Nc3 c5 4. d5 exd5 5. cxd5 d6 6. Nf3 g6 7. Nd2 Bg7 8. e4
O-O 9. Be2 Na6 10. O-O Ne8 11. Nc4 f5 12. exf5 Bxf5 13. a3 Rb8 14. Bf4 b5 15.
Ne3 c4 16. a4 Nc5 17. axb5 Nd3 18. Bg3 Nxb2 19. Qd2 Qf6 20. Ra3 Nc7 21. Qxb2 a6
22. Qb4 1-0

[Event "EU-ch (Men) 11th"]
[Site "Rijeka"]
[Date "2010.03.08"]
[Round "3.75"]
[White "Butnorius, Algimantas"]
[Black "Laznicka, Viktor"]
[Result "1/2-1/2"]
[WhiteElo "2437"]
[BlackElo "2659"]
[PlyCount "42"]
[EventDate "2010.03.06"]
[EventType "swiss"]
[EventRounds "11"]
[EventCountry "CRO"]
[SourceDate "2010.03.06"]

1. d4 Nf6 2. c4 e6 3. Nf3 d5 4. Nc3 Bb4 5. Bg5 Nbd7 6. cxd5 exd5 7. e3 c5 8.
Bd3 Qa5 9. Qc2 O-O 10. O-O c4 11. Bf5 Re8 12. a3 Bxc3 13. Qxc3 Qxc3 14. bxc3
Ne4 15. Bxe4 Rxe4 16. Rfb1 b6 17. a4 Ba6 18. Bf4 Re6 19. h3 f6 20. a5 Kf7 21.
Ne1 Bc8 1/2-1/2

[Event "EU-ch (Men) 11th"]
[Site "Rijeka"]
[Date "2010.03.08"]
[Round "3.76"]
[White "Smirnov, Artem"]
[Black "Cheparinov, Ivan"]
[Result "1-0"]
[WhiteElo "2435"]
[BlackElo "2657"]
[PlyCount "91"]
[EventDate "2010.03.06"]
[EventType "swiss"]
[EventRounds "11"]
[EventCountry "CRO"]
[SourceDate "2010.03.06"]

1. d4 Nf6 2. Bg5 e6 3. Nd2 h6 4. Bh4 c5 5. e4 cxd4 6. e5 g5 7. Bg3 Nd5 8. h4
Rg8 9. Ngf3 gxh4 10. Bxh4 Qb6 11. c4 dxc3 12. bxc3 Nxc3 13. Qc2 Qc6 14. Rc1
Nxa2 15. Bb5 Qxc2 16. Rxc2 Nc6 17. Rxa2 Rg4 18. Ra4 Nb4 19. Nc4 a6 20. Ne3 Rg6
21. Kd2 Rb8 22. Rb1 axb5 23. Raxb4 Bxb4+ 24. Rxb4 b6 25. Nd4 Ba6 26. Nxb5 Bxb5
27. Rxb5 d6 28. exd6 f6 29. g4 Kd7 30. Bg3 Rg5 31. Rb1 Rc5 32. Kd3 e5 33. Nf5
Ke6 34. f3 b5 35. Be1 Rbc8 36. Rb2 Rd5+ 37. Ke2 Rdc5 38. Kd3 Ra8 39. Bb4 Rc4
40. Bd2 e4+ 41. Ke2 exf3+ 42. Kxf3 Ra3+ 43. Ne3 Kxd6 44. Bb4+ Rxb4 45. Rxb4 Ke6
46. Rxb5 1-0

[Event "EU-ch (Men) 11th"]
[Site "Rijeka"]
[Date "2010.03.08"]
[Round "3.77"]
[White "Cioara, Andrei Nestor"]
[Black "Roiz, Michael"]
[Result "0-1"]
[WhiteElo "2430"]
[BlackElo "2652"]
[PlyCount "118"]
[EventDate "2010.03.06"]
[EventType "swiss"]
[EventRounds "11"]
[EventCountry "CRO"]
[SourceDate "2010.03.06"]

1. d4 Nf6 2. c4 g6 3. Nf3 Bg7 4. g3 d5 5. Nbd2 O-O 6. Bg2 c5 7. dxc5 Na6 8. O-O
Nxc5 9. cxd5 Qxd5 10. Nb3 Nxb3 11. Qxb3 Qxb3 12. axb3 Be6 13. Be3 a6 14. Ne5
Bd5 15. Rfd1 Bxg2 16. Kxg2 Rfd8 17. Nc4 Nd5 18. Bb6 Rd7 19. e4 Bxb2 20. Rxd5
Rxd5 21. Rb1 Rd4 22. Rxb2 Rxe4 23. Rd2 a5 24. Nxa5 Rb4 25. Bc7 Rb5 26. Nc4 Rxb3
27. Rd7 Re8 28. Ne3 f6 29. Nc4 Kf7 30. Nb6 Ke6 31. Rd2 g5 32. f4 Rc3 33. Bd8
gxf4 34. Nd5 f3+ 35. Kf2 Rxd8 36. Nf4+ Kf5 37. Rxd8 Ke4 38. Rd2 e5 39. Nh5 Kf5
40. Ng7+ Kg4 41. Ne8 f5 42. Nf6+ Kh3 43. Nd5 Rb3 44. Ne3 e4 45. Nxf5 Kxh2 46.
Rc2 Rd3 47. g4 Kh3 48. Ne3 Rb3 49. Rc4 Rb2+ 50. Kf1 Kg3 51. Nf5+ Kf4 52. Nd6
Re2 53. g5 Ke5 54. Nxb7 e3 55. Nc5 Kd5 56. Rc3 Kd4 57. Rc1 Rf2+ 58. Ke1 Rh2 59.
Nb3+ Kd5 0-1

[Event "EU-ch (Men) 11th"]
[Site "Rijeka"]
[Date "2010.03.08"]
[Round "3.80"]
[White "Vuckovic, Bojan"]
[Black "Buss, Ralph"]
[Result "1-0"]
[WhiteElo "2630"]
[BlackElo "2416"]
[PlyCount "157"]
[EventDate "2010.03.06"]
[EventType "swiss"]
[EventRounds "11"]
[EventCountry "CRO"]
[SourceDate "2010.03.06"]

1. e4 c5 2. Nf3 d6 3. d4 cxd4 4. Nxd4 Nf6 5. Nc3 a6 6. h3 e6 7. g4 b5 8. Bg2
Bb7 9. O-O Nc6 10. Re1 Nxd4 11. Qxd4 Be7 12. a4 e5 13. Qd3 b4 14. Na2 a5 15. c3
b3 16. Qb5+ Qd7 17. Qxb3 Bc6 18. c4 Bxa4 19. Qd3 Bc6 20. Nc3 O-O 21. Be3 Rfb8
22. Ra2 Qb7 23. Rea1 Qb3 24. Bc1 Qb6 25. Bd2 Qb3 26. Bf1 Qb7 27. Bg2 Nd7 28.
Be3 Qb4 29. Nd5 Bxd5 30. Qxd5 a4 31. Bf1 Nc5 32. Bd2 Qb7 33. b4 Nb3 34. Qxb7
Rxb7 35. Rb1 Nxd2 36. Rxd2 d5 37. exd5 Rxb4 38. Rbd1 Bd6 39. Rc2 Bc5 40. d6 a3
41. d7 Bb6 42. c5 Bc7 43. Ra2 Kf8 44. Rd3 Ke7 45. c6 Bd6 46. Raxa3 Rbb8 47.
Rac3 Bc7 48. Rd1 Rb2 49. Bc4 f6 50. Bb3 Kd8 51. g5 f5 52. Bg8 g6 53. Rdc1 Ke7
54. Bd5 Ra5 55. Bb3 Ra3 56. Bg8 Ra8 57. Bc4 Ra5 58. Rb3 Rxb3 59. Bxb3 Ra3 60.
Rc3 e4 61. h4 Kd8 62. Kg2 Bb6 63. Rh3 f4 64. Bd5 f3+ 65. Kg3 Bc7+ 66. Kg4 Ra4
67. Rh1 Rd4 68. Bg8 Rd2 69. Re1 Rc2 70. Bd5 Rxf2 71. Rxe4 Re2 72. Kxf3 Rxe4 73.
Bxe4 Ke7 74. h5 gxh5 75. Bxh7 Be5 76. Bg6 h4 77. Kg4 Bg3 78. Be4 Kd8 79. Kf5
1-0

[Event "EU-ch (Men) 11th"]
[Site "Rijeka"]
[Date "2010.03.08"]
[Round "3.81"]
[White "Drozdovskij, Yuri"]
[Black "Barle, Janez"]
[Result "1-0"]
[WhiteElo "2627"]
[BlackElo "2415"]
[PlyCount "81"]
[EventDate "2010.03.06"]
[EventType "swiss"]
[EventRounds "11"]
[EventCountry "CRO"]
[SourceDate "2010.03.06"]

1. d4 Nc6 2. e4 e5 3. dxe5 Nxe5 4. Nf3 Bb4+ 5. c3 Nxf3+ 6. Qxf3 Bc5 7. Bc4 Qf6
8. Qe2 d6 9. O-O Qe7 10. b4 Bb6 11. a4 a6 12. a5 Ba7 13. Be3 Bxe3 14. Qxe3 Nf6
15. Nd2 O-O 16. h3 Bd7 17. Bd3 Rfe8 18. Rae1 Bc6 19. f4 d5 20. e5 d4 21. Qf2
Nd5 22. cxd4 Qxb4 23. f5 f6 24. Ne4 fxe5 25. f6 Nxf6 26. Nxf6+ gxf6 27. dxe5
Rf8 28. exf6 Rf7 29. Re5 Kh8 30. Rg5 Rg8 31. Rxg8+ Kxg8 32. Qg3+ Kh8 33. Rf4
Qc5+ 34. Kh2 Bd5 35. Rf5 c6 36. Rh5 Qf8 37. Bg6 Rd7 38. Qe5 Qd6 39. Rxh7+ Kg8
40. f7+ Bxf7 41. Rh8# 1-0

[Event "EU-ch (Men) 11th"]
[Site "Rijeka"]
[Date "2010.03.08"]
[Round "3.82"]
[White "Macieja, Bartlomiej"]
[Black "Baron, Tal"]
[Result "1-0"]
[WhiteElo "2625"]
[BlackElo "2415"]
[PlyCount "57"]
[EventDate "2010.03.06"]
[EventType "swiss"]
[EventRounds "11"]
[EventCountry "CRO"]
[SourceDate "2010.03.06"]

1. Nf3 Nf6 2. c4 c6 3. Nc3 d5 4. e3 a6 5. Qc2 g6 6. d4 b5 7. c5 Bf5 8. Bd3 Bxd3
9. Qxd3 Bg7 10. b4 Nbd7 11. Bb2 O-O 12. a4 Qc7 13. Ne2 Ne4 14. O-O Rfb8 15. Qc2
a5 16. axb5 Rxb5 17. Nc3 Rxb4 18. Nxe4 dxe4 19. Bc3 Rb5 20. Ng5 Nf6 21. Ra4 Ng4
22. g3 f5 23. Qa2+ e6 24. Qxe6+ Kh8 25. Nf7+ Kg8 26. Ng5+ Kh8 27. Nf7+ Kg8 28.
Nd8+ Kf8 29. Qxf5+ 1-0

[Event "EU-ch (Men) 11th"]
[Site "Rijeka"]
[Date "2010.03.08"]
[Round "3.83"]
[White "Potapov, Pavel"]
[Black "Nyback, Tomi"]
[Result "1-0"]
[WhiteElo "2427"]
[BlackElo "2624"]
[PlyCount "111"]
[EventDate "2010.03.06"]
[EventType "swiss"]
[EventRounds "11"]
[EventCountry "CRO"]
[SourceDate "2010.03.06"]

1. e4 e5 2. Nf3 Nc6 3. Nc3 Bc5 4. Nxe5 Nxe5 5. d4 Bd6 6. dxe5 Bxe5 7. g3 Nf6 8.
Bg2 O-O 9. O-O Re8 10. Re1 d6 11. h3 Bxc3 12. bxc3 Bd7 13. Qd4 Bc6 14. g4 Nd7
15. Bf4 Qf6 16. Bg3 h5 17. f3 hxg4 18. hxg4 Qg5 19. Kf2 Nc5 20. Rh1 Ne6 21. Qe3
Qxe3+ 22. Kxe3 f6 23. Rad1 Rad8 24. Kf2 Bb5 25. Bf1 Bxf1 26. Rhxf1 Nc5 27. Rd5
Na4 28. Rd4 b5 29. c4 b4 30. a3 a5 31. axb4 axb4 32. Bf4 g5 33. Bg3 Kf7 34. Rh1
Ke6 35. Rd5 Nc5 36. Rh7 Re7 37. Rh6 Rg7 38. e5 Rf7 39. exd6 cxd6 40. Rxg5 Ra7
41. Bxd6 Rxd6 42. Rxc5 Rd2+ 43. Kg3 Rxc2 44. g5 Rf7 45. f4 b3 46. Rb5 b2 47.
Kg4 Ke7 48. Rb7+ Ke6 49. Rxf6+ Rxf6 50. gxf6 Rxc4 51. f7 Rc8 52. Kg5 b1=R 53.
Rxb1 Ke7 54. Kg6 Kf8 55. Rb6 Rd8 56. Re6 1-0

[Event "EU-ch (Men) 11th"]
[Site "Rijeka"]
[Date "2010.03.08"]
[Round "3.84"]
[White "Mamedov, Nidjat"]
[Black "Schroll, Gerhard"]
[Result "1/2-1/2"]
[WhiteElo "2623"]
[BlackElo "2411"]
[PlyCount "72"]
[EventDate "2010.03.06"]
[EventType "swiss"]
[EventRounds "11"]
[EventCountry "CRO"]
[SourceDate "2010.03.06"]

1. e4 e5 2. Nf3 Nc6 3. Bb5 Nf6 4. d3 Bc5 5. O-O Qe7 6. c3 O-O 7. Bg5 h6 8. Bh4
Bb6 9. Nbd2 d6 10. Nc4 Bg4 11. Ne3 Bxe3 12. fxe3 g5 13. Bg3 a6 14. Ba4 Bh5 15.
Qd2 Bg6 16. b4 Nd8 17. Bb3 Ne6 18. Rad1 Kh7 19. a4 c6 20. Qa2 Ng7 21. Nh4 Bh5
22. Nf3 Bg6 23. h3 Nd7 24. Qe2 f5 25. exf5 Nxf5 26. Bf2 Nf6 27. Nd2 Ng7 28. Bc4
e4 29. d4 Nd5 30. Rc1 Rf6 31. Bg3 Raf8 32. Rxf6 Rxf6 33. Bh2 Nf5 34. a5 Ng7 35.
Ba2 Ne8 36. Bb1 Nec7 1/2-1/2